Loading...
| History - European | 0 | 5 | 0 | 0 | 50 | 41 | 83.20 | 1 | 3 | 19.35 | 45.37 |
| Philosophy | 0 | 4 | 0 | 0 | 40 | 99 | 108.25 | 0 | 0 | 3.01 | 12.96 |
| History - American | 0 | 3 | 1 | 1 | 25 | 96 | 110.67 | 0 | 1 | 4.58 | 14.90 |
| History - Other | 0 | 3 | 1 | 1 | 25 | 82 | 95.67 | 0 | 1 | 7.67 | 16.67 |
| History - World | 0 | 3 | 2 | 0 | 20 | 64 | 86.67 | 0 | 1 | 10.54 | 18.52 |
| Religion | 0 | 2 | 1 | 0 | 15 | 103 | 112.50 | 0 | 1 | 0.88 | 10.19 |
| Mythology | 0 | 1 | 0 | 0 | 10 | 113 | 113.00 | 0 | 0 | 0.90 | 3.70 |
| Science - Other | 0 | 1 | 0 | 0 | 10 | 82 | 82.00 | 0 | 0 | 2.18 | 5.56 |
| Science - Biology | 0 | 1 | 0 | 1 | 10 | 114 | 114.00 | 0 | 0 | 0.00 | 1.01 |
| Fine Arts - Painting and Sculpture | 0 | 1 | 0 | 0 | 10 | 119 | 119.00 | 0 | 0 | 0.27 | 3.70 |
| Literature - American | 0 | 1 | 0 | 0 | 10 | 133 | 133.00 | 0 | 0 | 0.00 | 0.93 |
| Fine Arts - Other | 0 | 1 | 0 | 0 | 10 | 142 | 142.00 | 0 | 0 | 0.08 | 4.63 |
| Literature - World | 0 | 1 | 0 | 1 | 10 | 135 | 135.00 | 0 | 0 | 0.00 | 0.93 |
| Literature - British | 0 | 1 | 1 | 1 | 5 | 133 | 133.00 | 0 | 0 | 0.08 | 0.93 |
| Social Science | 0 | 0 | 0 | 0 | 0 | 0.00 | 0 | 0 | 0.00 | 0.00 | |
| Literature - European | 0 | 0 | 0 | 0 | 0 | 0.00 | 0 | 0 | 0.00 | 0.00 | |
| Fine Arts - Classical Music | 0 | 0 | 0 | 0 | 0 | 0.00 | 0 | 0 | 0.00 | 0.00 | |
| Science - Physics | 0 | 0 | 0 | 0 | 0 | 0.00 | 0 | 0 | 0.00 | 0.00 | |
| Popular Culture | 0 | 0 | 1 | 0 | -5 | 0.00 | 0 | 0 | 0.00 | 0.00 |